|
|
|
|
| LEADER |
01486nam a2200277 a 4500 |
| 001 |
GR-Antirio1168 |
| 008 |
150504s1998 nju g b 001 0 eng d |
| 020 |
|
|
|a 0137363311
|
| 040 |
|
|
|a GrPaTEI
|b gre
|c GR-PaULI
|
| 040 |
|
|
|a GrPaTEI
|b gre
|c GR-PaULI
|
| 082 |
|
0 |
|a 515.15
|2 21
|
| 100 |
1 |
|
|a Edwards, C.H.
|
| 245 |
1 |
0 |
|a Calculus with analytic geometry /
|c C. Henry Edwards, David E. Penney.
|
| 250 |
|
|
|a 5th ed.
|
| 260 |
|
|
|a Upper Saddle River, NJ :
|b Prentice Hall,
|c 1988
|
| 300 |
|
|
|a xv, 1020, [100] σ. :
|b εικ. (μερικές έγχρ.), col. χάρτες
|
| 504 |
|
|
|a Περιλαμβάνει βιβλιογραφίες και ευρετήριο.
|
| 650 |
|
0 |
|a Calculus
|
| 650 |
|
0 |
|a Geometry, Analytic
|
| 700 |
1 |
|
|a Penney, David E.
|
| 942 |
|
|
|2 ddc
|
| 952 |
|
|
|0 0
|1 0
|2 ddc
|4 0
|6 515_150000000000000_EDW
|7 0
|9 263160
|a LISK-2
|b LISK-2
|c BSC
|d 2021-01-17
|e 24
|f 0
|g 0.00
|l 0
|o 515.15 EDW
|p 2430000007904
|r 2021-01-17 00:00:00
|t 1
|w 2021-01-17
|y BK15
|x 20150504 0 A.I. 1
|x GrPaTEI - Antirrio
|
| 952 |
|
|
|0 0
|1 0
|2 ddc
|4 0
|6 515_150000000000000_EDW
|7 0
|9 263161
|a LISK-2
|b LISK-2
|c BSC
|d 2021-01-17
|e 24
|f 0
|g 0.00
|l 0
|o 515.15 EDW
|p 2430000007905
|r 2021-01-17 00:00:00
|t 1
|w 2021-01-17
|y BK15
|x 20150504 0 A.I. 1
|x GrPaTEI - Antirrio
|
| 952 |
|
|
|0 0
|1 0
|2 ddc
|4 0
|6 515_150000000000000_EDW
|7 0
|9 263162
|a LISK-2
|b LISK-2
|c BSC
|d 2021-01-17
|e 24
|f 0
|g 0.00
|l 0
|o 515.15 EDW
|p 2430000007906
|r 2021-01-17 00:00:00
|t 1
|w 2021-01-17
|y BK15
|x 20150504 0 A.I. 1
|x GrPaTEI - Antirrio
|
| 971 |
|
|
|a .b25709677
|b 15-04-20
|c 12-09-16
|
| 999 |
|
|
|c 151488
|d 151488
|